Piłka nożna - powiązania - kółko i krzyżyk #2 - Statystyki

Ogólne statystyki
  • Ten quiz został rozwiązany 188 razy
  • Średni wynik to 3 z 9
Statystyki odpowiedzi
Hint Odpowiedź % Poprawnych
Lech/Szwecja Ishak | Karlstrom | Dagerstal | Andersson | Barkroth | Douglas | Walemark
86%
Słowacja Kuciak | Mucha | Duda | Pich | Gottwald
67%
Lech Buric | Stilic | Hotic | Koljic | Handzic | Loncar | Salcinovic
64%
Lech/Słowacja Satka | Putnocky | de Marco | Zapotoka | Holec
36%
Pogoń/Szwecja Wahlqvist | Almqvist | Cibicki
32%
Szwecja Johansson
20%
Legia Vranjes
10%
Pogoń/Słowacja Hricko | Peskovic | Pernis
8%
Pogoń Kozulj | Adzem | Saranovic
7%
Nie znaleziono quizów pasujących do podanych kryteriów
Rozkład punktacji
Procent ludzi z każdym wynikiem
Percentyl według liczby udzielonych odpowiedzi
Twoja historia wyników
Nie rozwiązałeś tego quizu